| 000 | 01296cam a2200337 a 4500 | ||
|---|---|---|---|
| 001 | 16651739 | ||
| 005 | 20141117160630.0 | ||
| 008 | 110214s2009 xxuadk frbd 000 0 eng d | ||
| 010 | _a2011280139 | ||
| 020 | _a9781934667248 (pbk.) | ||
| 020 | _a1934667242 (pbk.) | ||
| 040 |
_aNz _cUZ0 _dNPL _dDLC _dEG-ScBUE |
||
| 082 | 0 | 0 |
_a332.1091767 _222 _bSHA |
| 100 | 1 |
_aShanmugam, Bala _936569 |
|
| 245 | 1 | 2 |
_aA primer on Islamic finance / _cBala Shanmugum, Zaha Rina Zahari. |
| 260 |
_aCharlottesville, United States : _bResearch Foundation of CFA Institute, _c2009. |
||
| 300 |
_av, 121 p. : _bcharts, forms, tables ; _c23 cm. |
||
| 500 | _aGlossary : p. 98-101. | ||
| 504 | _aBibliography : p. 102-121. | ||
| 650 | 0 |
_aBanks and banking _xReligious aspects _xIslam _932829 |
|
| 650 | 0 |
_aBanking law (Islamic law) _932725 |
|
| 650 | 0 |
_aFinance _xReligious aspects _xIslam _928658 |
|
| 650 | 0 |
_aEconomics _xReligious aspects _xIslam _933913 |
|
| 650 | 0 |
_aFinancial institutions _zIslamic countries _936572 |
|
| 650 | 0 |
_aBanks and banking _zIslamic countries _928054 |
|
| 653 |
_bBUSADM _bBUSECO _cNovember2014 |
||
| 655 |
_vreading book _934232 |
||
| 700 | 0 |
_aZaha Rina Zahari _936570 |
|
| 710 | 2 |
_aInstitute of Chartered Financial Analysts. _bResearch Foundation _936571 |
|
| 942 |
_2ddc _k332.1091767 SHA |
||
| 999 |
_c18638 _d18610 |
||